Statistics for The Piccolo Quiz

Click here to take the quiz!

General Stats

  • This quiz has been taken 152 times
    (151 since last reset)
  • The average score is 13 of 17

Answer Stats

HintAnswer% Correct
What color is Piccolo's skin?Green
99%
What is Piccolo's race?Namekian
99%
Who defeated Piccolo's father, Demon King Piccolo?Goku
96%
Who does Piccolo train with and call his very first friend?Gohan
93%
Who is the 2nd person that Piccolo merges with?Kami
91%
What color is his blood?Purple
89%
Does Piccolo manage to beat Dr. Gero?Yes
89%
Who was the first person that Piccolo merged with?Nail
88%
On what planet does Piccolo spend his last moments alive?Earth
84%
What is Piccolo's signature technique, first used against Raditz?Special Beam Cannon
83%
Who is the first person Piccolo fights after his second merging?Imperfect Cell
79%
What technique does Piccolo attempt to teach Goten and Trunks?The Fusion Technique
78%
Who turns Piccolo into stone?Dabura
75%
Who knocks Piccolo over when he is a stone statue?Trunks
61%
Where does Piccolo try to get Goku out of?Hell
55%
After returning from stone into his normal state, who does chop in half and almost kill?Babidi
53%
What is the name of the attack Piccolo used to kill the last Saibaman?Explosive Breath Cannon
11%

Score Distribution

Percentile by Number Answered

Percent of People with Each Score

Your Score History

You have not taken this quiz since the last reset